000 01626nam0a22003011 4500
001 rc\3795998
005 20120311164034.0
021 _aRU
_b[75-98614]
035 _a(NLR Aleph) 007253973
090 _a5235429
_c5235429
100 _a20120311d1975 |||y0rusy50 ca
101 0 _arus
102 _aRU
105 _aa z |||||
200 1 _aВопросы развития сельских населенных мест за рубежом
_eОбзор
_f[Канд. геогр. наук Бутузова В.П., инж. Титков С.Б.]
_gГос. ком. по гражд. стр-ву и архитектуре при Госстрое СССР, Центр. науч.-техн. информации по гражд. стр-ву и архитектуре
210 _aМосква
_cЦНТИ по гражд. стр-ву и архитектуре
_d1975
215 _a43 с.
_cил.
_d21
225 1 _aСерия "Градостроительство"
320 _aСписок лит.: с. 42
606 _aНаселенные места, сельские
_xПланировка и строительство
_yЗарубежные страны
_2psbo
700 1 _aБутузова
_bВ. П.
_gВалентина Петровна
701 1 _aТитков
_bС. Б.
_gСергей Борисович
712 0 2 _aЦентр научно-технической информации по гражданскому строительству и архитектуре
_cМосква
_3RU\NLR\AUTH\889927707
801 0 _aRU
_bNLR
_gpsbo
801 1 _aRU
_bELAR
_2rusmarc
852 _aNLR
_j76-6/1881
942 _cBOOK
980 _aNB